North kill /

Uloženo v:
Podrobná bibliografie
Hlavní autor: Wood, James, 1918-
Médium: Kniha
Jazyk:English
Vydáno: London : Hutchinson, 1975.
LEADER 00776nam a2200229 i 4500
001 c000075061
003 CARM
005 00000000000000.0
008 750926s1975 enk 00011 eng
015 |a GB75-09822 
019 1 |a 750903  |5 LACONCORD2021 
020 |a 0091220106 :  |c L.2.60 
035 |a (OCoLC)2164641  |5 LACONCORD2021 
050 0 0 |a PZ4.W875  |b No  |a PR6073.O58 
100 1 |a Wood, James,  |d 1918- 
245 1 0 |a North kill /  |c James Wood. 
260 |a London :  |b Hutchinson,  |c 1975. 
300 |a 183 p. ;  |c 21 cm. 
852 8 |b CARM  |h A2:AG23G0  |i A01318  |p 0117431  |f BK 
082 0 4 |a 823/.9/14 
999 f f |i 36e6bf4b-504e-5e40-b025-d928aa06b8ed  |s 733ed802-c3e7-5477-9174-cf34a8b22fd8 
952 f f |p Can circulate  |a CAVAL  |b CAVAL  |c CAVAL  |d CARM 1 Store  |e A01318  |f A2:AG23G0  |h Other scheme  |i book  |m 0117431